000 00446nam a2200169Ia 4500
008 180921t2017 xxu||||| |||| 00| 0 sin d
041 _asin
080 _a294.3
_bGNA
100 _aGnanananda Himi, Kiribathgoda
245 _aමෙන්න දුකේ රහස
246 _aMenna Dhuke Rahasa
260 _bMahamegha
_aPolgahawela
_c2017
300 _b108p, 21cm
942 _cBK
999 _c1982
_d1982
003 LK-CoDNM
040 _aLK-CoDNM
_dLK-CoDNM
_eLK-CoDNM